00301nam a2200121Ia 4500008004100000100003900041245003200080260002500112300000900137650001100146942000700157999001500164190216s9999||||xx |||||||||||||| ||und|| aAriel G Loewy And Philip Siekebitz 0aCell Structure And Function bAmerind Oub Coc1974 a516p aBotany cBK c1251d1251